000 00661nam a2200205 i 4500
001 188001
003 ES-MaACL
005 20230906223058.0
007 t|
008 180406s1928 xxk ||||1| eng d
100 0 _aSteward, G. C.
_9108174
245 1 4 _aThe symmetrical optical system /
_cby G. C. Steward.
260 _aLondon :
_bCambridge University Press, 1928.
300 _aVIII, 102 p. ;
_c22 cm.
490 1 _aCambridge tracts in mathematics and mathematical physics ;
_v25
650 0 4 _aOptica.
_915726
830 0 _aCambridge tracts in mathematics and mathematical physics ;
_v25
_9192958
852 _aES-MaACL
_jC-8163
999 _c188001
_d188001